书目信息 |
| 题名: |
三国演义人物绣像
|
|
| 作者: | 崔君沛 绘 | |
| 分册: | ||
| 出版信息: | 西安 陕西人民美术出版社 1983 |
|
| 页数: | 73页 | |
| 开本: | 26cm | |
| 丛书名: | ||
| 单 册: | ||
| 中图分类: | J227 | |
| 科图分类: | ||
| 主题词: | 绘画--中国 | |
| 电子资源: | ||
| ISBN: | ||
| 000 | 00534nam0 2200193 450 | |
| 001 | 0660256733 | |
| 005 | 20061115164656.43 | |
| 010 | @dCNY1.30 | |
| 100 | @a20061115d1983 km y0chiy0120 ea | |
| 101 | 0 | @achi |
| 102 | @aCN@b610000 | |
| 200 | 1 | @a三国演义人物绣像@Asan guo yan yi ren wu xiu xiang@f崔君沛绘@Fcui jun pei hui |
| 210 | @a西安@c陕西人民美术出版社@d1983 | |
| 215 | @a73页@c影印@d26cm | |
| 606 | 0 | @a绘画@x中国 |
| 690 | @aJ227@v3 | |
| 701 | 0 | @a崔君沛@Acui jun pei@4绘 |
| 801 | 0 | @aCN@bPFT@c20061115 |
| 905 | @a10447@dJ227@e118 | |
| 三国演义人物绣像/崔君沛绘.-西安:陕西人民美术出版社,1983 |
| 73页:影印;26cm |
| ISBN :CNY1.30 |
| ● |
| 相关链接 |
|
|
|
|
正题名:三国演义人物绣像
索取号:J227/118
 
预约/预借
| 序号 | 登录号 | 条形码 | 馆藏地/架位号 | 状态 | 备注 |
| 1 | 0220361 | 000795704 | 第一样本阅览室/ [索取号:J227/118] | 在馆 |